Strona internetowa po opisie - Statystyki

Ogólne statystyki
  • Ten quiz został rozwiązany 35 razy
  • Średni wynik to 5 z 12
Statystyki odpowiedzi
Wskazówka Odpowiedź % Poprawnych
Strona z quizami, najczęściej o tematyce geograficznej. JetPunk
97%
Komputerowa encyklopedia. Wikipedia
97%
Jeden z najpopularniejszych serwisów do tworzenia krótkich filmów. YouTube
69%
Chiński sklep zasłynoł z rzeczami za 0 złotych Temu
66%
Odtwaracz muzyki. Spotify
55%
Popularna płatna na miesiąc gra geograficzna na przeglądarce. GeoGuessr
41%
Witryna z ofertami wakacji. Booking
24%
Ma mapę wszystkich samolotów, helikopterów czy dronów. Flightradar24
24%
Strona ta zyskała popularność przez np. The Password Game. Neal
17%
Platforma oferująca tysiące gier o różnej tematyce. Roblox
3%
Internetowy odpowiednik zabawy. Gartic Phone
0%
Strona zawierająca klucze do gier. Wywołała zamieszanie w pośród graczy ETS2 Instant Gaming
0%
Nie znaleziono quizów pasujących do podanych kryteriów
Rozkład punktacji
Procent ludzi z każdym wynikiem
Percentyl według liczby udzielonych odpowiedzi
Twoja historia wyników
Nie rozwiązałeś tego quizu